OPERATIONS MANAGEMENT :THEORY AND PRACTICE. (Record no. 14221)

MARC details
000 -LEADER
fixed length control field 00363nam a22001577a 4500
003 - CONTROL NUMBER IDENTIFIER
control field SGT
020 ## - INTERNATIONAL STANDARD BOOK NUMBER
International Standard Book Number 978-93-325-4109-2
082 ## - DEWEY DECIMAL CLASSIFICATION NUMBER
Classification number 658.1554
Item number MAH
100 ## - MAIN ENTRY--PERSONAL NAME
Personal name MAHADEVAN,B
245 ## - TITLE STATEMENT
Title OPERATIONS MANAGEMENT :THEORY AND PRACTICE.
250 ## - EDITION STATEMENT
Edition statement 3RD
260 ## - PUBLICATION, DISTRIBUTION, ETC. (IMPRINT)
Place of publication, distribution, etc DELHI
Name of publisher, distributor, etc PEARSON
Year of Publication 2015
300 ## - PAGE DESCRIPTION
No. of Pages 610
650 ## - SUBJECT ADDED ENTRY--TOPICAL TERM
Topical term or geographic name as entry element MECHANICAL ENGINEERING
942 ## - ADDED ENTRY ELEMENTS (KOHA)
Source of classification or shelving scheme Dewey Decimal Classification
Koha item type Books
Holdings
Withdrawn status Lost status Source of classification or shelving scheme Damaged status Not for loan Collection code Home library Current library Shelving location Date acquired Vendor Name Cost, normal purchase price SGTU Bill Number Total Checkouts Full call number Accession No. (Barcode) Date last seen Bill Date Koha item type Total Renewals Date last borrowed
    Dewey Decimal Classification     ENGINEERING SGT Engineering Library SGT Engineering Library Text Book 26/12/2017 KIRTI PRAKASHAN (NEW DELHI ) 679.00 SGTU IN1297   658.1554 MAH FE6866 26/12/2017   Books    
    Dewey Decimal Classification     ENGINEERING SGT Engineering Library SGT Engineering Library Text Book 26/12/2017 KIRTI PRAKASHAN (NEW DELHI ) 679.00 SGTU IN1297   658.1554 MAH FE6867 26/12/2017   Books    
    Dewey Decimal Classification     ENGINEERING SGT Engineering Library SGT Engineering Library Text Book 26/12/2017 KIRTI PRAKASHAN (NEW DELHI ) 679.00 SGTU IN1297 1 658.1554 MAH FE6868 19/08/2019   Books 4 05/08/2019
    Dewey Decimal Classification     ENGINEERING SGT Engineering Library SGT Engineering Library Text Book 26/12/2017 KIRTI PRAKASHAN (NEW DELHI ) 679.00 SGTU IN1297   658.1554 MAH FE6869 26/12/2017   Books    
    Dewey Decimal Classification     ENGINEERING SGT Engineering Library SGT Engineering Library Text Book 26/12/2017 KIRTI PRAKASHAN (NEW DELHI ) 679.00 SGTU IN1297   658.1554 MAH FE6870 26/12/2017   Books